Україна – Польща: спадщина століть (Запис № 339006)
[ простий вигляд ]
| 000 -LEADER | |
|---|---|
| fixed length control field | 00831nam a22002537a 4500 |
| 001 - CONTROL NUMBER | |
| control field | 52923 |
| 003 - CONTROL NUMBER IDENTIFIER | |
| control field | UA-OsUOA |
| 005 - DATE AND TIME OF LATEST TRANSACTION | |
| control field | 20230703143255.0 |
| 007 - PHYSICAL DESCRIPTION FIXED FIELD--GENERAL INFORMATION | |
| fixed length control field | ta |
| 008 - FIXED-LENGTH DATA ELEMENTS--GENERAL INFORMATION | |
| fixed length control field | 20080306b un ||||| |||| 00| 0 ukr d |
| 020 ## - INTERNATIONAL STANDARD BOOK NUMBER | |
| International Standard Book Number | 9789664650745 |
| 040 ## - CATALOGING SOURCE | |
| Original cataloging agency | UA-OsUOA |
| Language of cataloging | ukr |
| Transcribing agency | UA-OsUOA |
| Modifying agency | UA-OsUOA |
| 041 ## - LANGUAGE CODE | |
| Language code of text/sound track or separate title | ukr |
| 080 ## - UNIVERSAL DECIMAL CLASSIFICATION NUMBER | |
| Universal Decimal Classification number | 726(477+438)(084) |
| 090 ## - LOCALLY ASSIGNED LC-TYPE CALL NUMBER (OCLC); LOCAL CALL NUMBER (OCLC) | |
| Classification number (OCLC) (R) ; Classification number, CALL (RLIN) (NR) | 726(477+438)(084) |
| Local cutter number (OCLC) ; Book number/undivided call number, CALL (RLIN) | У45 |
| 245 ## - TITLE STATEMENT | |
| Title | Україна – Польща: спадщина століть |
| Remainder of title | альбом |
| Statement of responsibility, etc | Ірина Магдиш, Тарас Возняк ; ред. Олена Крушинська |
| 260 ## - PUBLICATION, DISTRIBUTION, ETC. (IMPRINT) | |
| Place of publication, distribution, etc | К. |
| Name of publisher, distributor, etc | Грані-Т |
| Date of publication, distribution, etc | 2007 |
| 300 ## - PHYSICAL DESCRIPTION | |
| Extent | 160 с. |
| 650 #7 - SUBJECT ADDED ENTRY--TOPICAL TERM | |
| Topical term or geographic name as entry element | 72 Архітектура |
| Source of heading or term | UDC |
| 700 1# - ADDED ENTRY--PERSONAL NAME | |
| Personal name | Крушинська О. |
| Relator term | ред. |
| 942 ## - ADDED ENTRY ELEMENTS (KOHA) | |
| Koha item type | Книги |
| Source of classification or shelving scheme | Universal Decimal Classification |
| 955 ## - COPY-LEVEL INFORMATION (RLIN) | |
| Classification number, CCAL (RLIN) | Мистецькі альбоми |
| Withdrawn status | Lost status | Source of classification or shelving scheme | Damaged status | Not for loan | Home library | Current library | Date acquired | Source of acquisition | Cost, normal purchase price | Inventory number | Total Checkouts | Full call number | Barcode | Date last seen | Price effective from | Koha item type |
|---|---|---|---|---|---|---|---|---|---|---|---|---|---|---|---|---|
| Universal Decimal Classification | АБ - Абонемент НБ | АБ - Абонемент НБ | 06/03/2008 | 24/2008 | 76.00 | 112117 | 726(477+438)(084) У45 | 112117 | 29/12/2021 | 06/03/2008 | Книги | |||||
| Withdrawn | Universal Decimal Classification | ЧЗ - Читальна зала | ЧЗ - Читальна зала | 08/12/2008 | 167/2008 | 76.00 | 117780 | 726(477+438)(084) У45 | 117780 | 13/07/2019 | 08/12/2008 | Книги |